Technik renowacji elementów architektury - egzamin klasa 3, temat 4.2 - Statystyki

Ogólne statystyki
  • Ten quiz został rozwiązany 7 razy
  • Średni wynik to 6 z 9
Statystyki odpowiedzi
Zagadnienie Odpowiedź % Poprawnych
Która definicja opisuje plastelinę ? materiał termoplastyczny, do niewielkich modeli, ale o skomplikowanym kształcie.
100%
Która definicja opisuje zaczyn gipsowy ? rozmieszany w wodzie, czas wiązania może być regulowany.
100%
Która definicja opisuje glinę ? dzieli się na tłustą i chudą, gotowy materiał przechowujemy w skrzyni przykrytej mokrymi szmatami.
75%
Na podstawie rysunków w jakiej skali przygotowuje się modele sztukatorskie ? 1:1
50%
Do czego służy kawalet ? jest to stół do modeli obrotowych
50%
Czego używamy do przenoszenia wymiarów zewnętrznych ? Macka do ...
50%
Czym najłatwiej jest ciąć profile gipsowe ? piłą rozpłatnicą w skrzynce uciosowej
50%
Modele przygotowuje się najczęściej z: plasteliny, gliny, drewna
50%
Nożyk, szpachelki, skrobaki i oczka to są narzędzia do: rzeźbienia, cyzelowania i retuszowania odlewów
50%
Nie znaleziono quizów pasujących do podanych kryteriów
Rozkład punktacji
Procent ludzi z każdym wynikiem
Percentyl według liczby udzielonych odpowiedzi
Twoja historia wyników
Nie rozwiązałeś tego quizu